000 00410 a2200157 4500
005 20250629122945.0
020 _a978-81-203-4504-1
082 _a658.7 AIL
100 _aAILAWADI, C . S
245 _aLogistics Management
250 _a2nd Ed.
260 _aNew Delhi
_bPHI Learning Private Limited
_c2012.
300 _axix,196p.: ill.; figures
_bIndex
_c24cm
700 _aRakesh P . Singh
942 _2ddc
_cBKS
999 _c6322
_d6322